Philadelphia 76ers All-Decade Teams - Statistics

General Stats
  • This quiz has been taken 127 times
    45 since last reset
  • The average score is 19 of 40
Answer Stats
Decade Position Years WS Player % Correct
2020s C 2020-2026 52.2 Joel Embiid
100%
2020s PG 2020-2021 12.9 Ben Simmons
92%
2010s PG 2018-2019 17.5 Ben Simmons
92%
2020s PG/SG 2021-2026 35.1 Tyrese Maxey
89%
2000s SG/PG 2000-2007 58.8 Allen Iverson
87%
1990s PG/SG 1997-1999 20.3 Allen Iverson
87%
1980s SF 1980-1987 77.7 Julius Erving
82%
1980s C 1983-1986 45.4 Moses Malone
79%
1990s SF 1990-1992 43.0 Charles Barkley
74%
1980s PF 1985-1989 63.1 Charles Barkley
74%
1960s C 1965-1968 71.2 Wilt Chamberlain
71%
1980s PG 1980-1989 82.8 Maurice Cheeks
68%
2020s PF/SF 2020-2024 30.8 Tobias Harris
68%
1950s PF/C 1950-1959 118.9 Dolph Schayes
63%
1970s SF 1970-1976 36.0 Billy Cunningham
61%
1960s SF/PF 1966-1969 27.2 Billy Cunningham
61%
2010s SF 2010-2012 20.7 Andre Iguodala
55%
2000s SF/SG 2005-2009 40.5 Andre Iguodala
55%
2000s PG 2000-2004 29.3 Eric Snow
55%
1960s SG 1960-1969 83.3 Hal Greer
55%
1980s SG 1981-1988 26.9 Andrew Toney
37%
1970s C 1976-1979 13.2 Darryl Dawkins
34%
2010s PF/C 2010-2012, 2016 19.2 Elton Brand
32%
2010s PG/SG 2010-2012 16.4 Lou Williams
32%
1950s C 1955-1959 29.6 Red Kerr
29%
1970s SG 1974-1979 35.4 Doug Collins
26%
1990s SG 1990-1993 34.1 Hersey Hawkins
26%
1960s SF 1963-1969 50.3 Chet Walker
21%
1990s SF/PF 1993-1998 25.9 Clarence Weatherspoon
21%
2010s PF 2010-2014 25.5 Thaddeus Young
21%
1990s C/PF 1998-1999 10.8 Theo Ratliff
21%
1960s PG 1960-1968 41.4 Larry Costello
18%
2000s SF/PF 2004-2008 17.8 Kyle Korver
16%
2000s C 2002-2009 31.7 Samuel Dalembert
16%
2020s SG/SF 2020-2023 10.1 Matisse Thybulle
13%
1970s SF/PF 1974-1979 39.1 Steve Mix
13%
1970s PG/SG 1970-1972 19.8 Archie Clark
5%
1950s PG 1952-1956 28.4 George King
5%
1950s SG/PG 1950-1959 37.3 Paul Seymour
5%
1950s SF 1953-1958 16.9 Earl Lloyd
3%
No matching quizzes found
Score Distribution
Percent of People with Each Score
Percentile by Number Answered
Your Score History
You have not taken this quiz since the last reset